Представление документа в формате RUSMARC

ПолеНазваниеЗначение
  Тип записи a
  Библиографический уровень a
001 Контрольный номер RU/CBS_Ul/BASE/492524242
005 Дата корректировки 20240209175150.0
100 Данные общей обработки __
a Данные общей обработки 20150810d2015 ||| 0rusy0189 ca
101 Язык документа 0_
a Язык текста rus
102 Страна публикации __
a Страна публикации RU
105 Кодированные данные (монография) __
a Кодированные данные (монография) y###||||000|y
200 Заглавие и сведения об ответственности 1_
a Заглавие Ревень не в киселе, а в одиночестве
b Общее обозначение материала Текст
e Сведения, относящиеся к заглавию [о разнообразии сортов ревеня]
f Первые сведения об ответственности М. Барбухатти
300 Общие примечания __
a Общие примечания Ограничения по возрасту - 12+
461 Уровень набора _0
1 2000
a Приусадебное хозяйство
463 Уровень физической единицы _0
1 001RU/CBS_Ul/BASE/492518123
1 2000
a № 7
v С. 52-55
1 210
d 2015
606 Тематические рубрики 0_
a Основная рубрика Ревень - Культура
610 Ключевые слова 0_
a Ключевые слова ревень
a Ключевые слова сорта ревеня
a Ключевые слова разнообразие ревеня
a Ключевые слова украшение сада ревенем
a Ключевые слова декоративные растения
686 Индексы других классификаций __
a Классификационный индекс 42.37
2 Код системы ББК
700 Автор _1
a Фамилия Барбухатти
b Имя (инициалы) М.
801 Источник записи _0
a Страна RU
b Организация МБУК ЦБС г. Ульяновска
c Дата составления 20150810
g Правила каталогизации RCR
801 Источник записи _1
a Страна RU
b Организация МБУК ЦБС г. Ульяновска
c Дата составления 20150810
g Правила каталогизации RCR
901 Тип документа __
t Тип документа b
w Контрольный № источника RU/CBS_Ul/BASE/492518123
910 Корректоры записи __
a Корректор записи Библиотека 27
938 Служебная информация __
a Имя БД period